[Event "Florianopolis op 3rd"]
[Site "Florianopolis"]
[Date "2017.01.23"]
[Round "5"]
[White "Lopes, Bianca Barros Pan"]
[Black "Silveira da Silva, William"]
[Result "1/2-1/2"]
[WhiteElo "1574"]
[BlackElo "1800"]
[PlyCount "125"]
[EventDate "2017.01.20"]
[EventType "swiss"]
[EventRounds "10"]
[EventCountry "BRA"]
[SourceTitle "CBM 176 Extra"]
[Source "ChessBase"]
[SourceDate "2017.03.02"]
[SourceVersion "1"]
[SourceVersionDate "2017.03.02"]
[SourceQuality "1"]

1. d4 Nf6 2. Bg5 g6 3. Bxf6 exf6 4. g3 d5 5. Bg2 c6 6. c3 f5 7. e3 Bd6 8. Ne2 Be6 9. Nd2 Nd7 10. 0-0 h5 11. h4 g5 12. hxg5 Qxg5 13. Nf3 Qg7 14. Rc1 0-0-0 15. b3 Rdg8 16. Nh4 Be7 17. Nf4 Nf6 18. c4 dxc4 19. bxc4 Ne4 20. d5 Bd7 21. dxc6 Bxc6 22. Nxf5 Qf8 23. Nxe7+ Qxe7 24. Nd5 Qe5 25. Qd4 Qxd4 26. exd4 Re8 27. Rfe1 Nd6 28. Ne7+ Kd7 29. Nxc6 bxc6 30. a3 Reg8 31. Kf1 h4 32. Bh3+ f5 33. Kg2 hxg3 34. fxg3 Kd8 35. Rf1 Rh4 36. Bxf5 Rxd4 37. Bb1 Nxc4 38. Rc3 Rd2+ 39. Rf2 Rxf2+ 40. Kxf2 Rf8+ 41. Kg2 Ne5 42. Be4 Kc7 43. Rc5 Kd6 44. Ra5 Rf7 45. Ra6 Kc5 46. Ra5+ Kd4 47. Ra4+ Ke3 48. Bb1 Rf2+ 49. Kh3 Rf1 50. Re4+ Kd2 51. Rxe5 Rxb1 52. Rc5 Rb3 53. Rxc6 Rxa3 54. Kh4 a5 55. g4 a4 56. Ra6 Ra1 57. g5 a3 58. g6 Kc2 59. g7 Kb2 60. Rg6 Rh1+ 61. Kg5 Rg1+ 62. Kf6 Rxg6+ 63. Kxg6 1/2-1/2

[Event "Florianopolis op 3rd"]
[Site "Florianopolis"]
[Date "2017.01.21"]
[Round "3"]
[White "Januario, Jessica dos Anjos"]
[Black "Silveira da Silva, William"]
[Result "0-1"]
[WhiteElo "1564"]
[BlackElo "1800"]
[PlyCount "76"]
[EventDate "2017.01.20"]
[EventType "swiss"]
[EventRounds "10"]
[EventCountry "BRA"]
[SourceTitle "CBM 176 Extra"]
[Source "ChessBase"]
[SourceDate "2017.03.02"]
[SourceVersion "1"]
[SourceVersionDate "2017.03.02"]
[SourceQuality "1"]

1. d4 Nf6 2. c4 e6 3. Nc3 d5 4. Nf3 Bb4 5. Bg5 h6 6. Bh4 dxc4 7. e3 b5 8. Be2 c5 9. 0-0 Bxc3 10. bxc3 cxd4 11. cxd4 a6 12. a4 Bb7 13. Qc2 Nbd7 14. a5 Be4 15. Qc3 Qc8 16. Nd2 0-0 17. f3 Bh7 18. e4 Nh5 19. f4 Nhf6 20. Bf3 Qc7 21. Rfe1 Rac8 22. Rab1 Qa7 23. Kh1 Rfd8 24. Bf2 Ne8 25. Re2 Qc7 26. Be3 Ndf6 27. Rd1 Nd6 28. Bf2 Nb7 29. e5 Nd5 30. Bxd5 Rxd5 31. Ra1 Nd8 32. Re3 Nc6 33. Rg3 Rcd8 34. Nf3 Be4 35. Rd1 Qxa5 36. Qe3 Bxf3 37. Rxf3 Nxd4 38. Rg3 Nf5 0-1